00452 a2200133 4500001001000000005001700010008004100027245007800068100002100146700002000167700002000187773009400207999001700301ART_2404320260410161933.0260409a 10aAnálisis teórico y empírico de los seguros ambientales en Argentina1 aVigier, Hernán1 aPesce, Gabriela1 aDurán, Regina0 tRevista de Economía Política de Buenos Airesg- Año 6, Nº 11 (mayo 2012)wREV23982 c28811d28811